ARRUPE JESUIT UNIVERSITY

CORONAVIRUS -STOP THE SPREAD - CLEAN,DISINFECT,COVER

Guide to the Zimbabwe ruins (Record no. 128831)

MARC details
000 -LEADER
fixed length control field 01033cam a2200265 4500
001 - CONTROL NUMBER
control field 2685133
003 - CONTROL NUMBER IDENTIFIER
control field ARRUPE
005 - DATE AND TIME OF LATEST TRANSACTION
control field 20190129084550.0
008 - FIXED-LENGTH DATA ELEMENTS--GENERAL INFORMATION
fixed length control field 750124s1972 rh a b f000 0 eng
010 ## - LIBRARY OF CONGRESS CONTROL NUMBER
LC control number 74194177
040 ## - CATALOGING SOURCE
Original cataloging agency DLC
Transcribing agency DLC
Modifying agency DLC
043 ## - GEOGRAPHIC AREA CODE
Geographic area code f-rh---
050 00 - LIBRARY OF CONGRESS CALL NUMBER
Classification number SPC DT962.9.Z5
Item number J78
082 00 - DEWEY DECIMAL CLASSIFICATION NUMBER
Classification number 916.89/1
300 ## - PHYSICAL DESCRIPTION
Other physical details illus.
Dimensions 19 cm.
100 ## - MAIN ENTRY--PERSONAL NAME
Personal name Jones, Neville
9 (RLIN) 5845
245 00 - TITLE STATEMENT
Title Guide to the Zimbabwe ruins
Statement of responsibility, etc Neville Jones
260 ## - PUBLICATION, DISTRIBUTION, ETC. (IMPRINT)
Place of publication, distribution, etc Rhodesia,
Name of publisher, distributor, etc Department of Public Relations
Date of publication, distribution, etc 1948
300 ## - PHYSICAL DESCRIPTION
Extent 55 p.
504 ## - BIBLIOGRAPHY, ETC. NOTE
Bibliography, etc Includes bibliographical references.
651 #0 - SUBJECT ADDED ENTRY--GEOGRAPHIC NAME
Geographic name Great Zimbabwe (Extinct city)
9 (RLIN) 8040
651 #0 - SUBJECT ADDED ENTRY--GEOGRAPHIC NAME
Geographic name Zimbabwe
General subdivision Antiquities
9 (RLIN) 9546
700 1# - ADDED ENTRY--PERSONAL NAME
Personal name Cooke, Cranmer Kenrick,
Dates associated with a name 1906-
Relator term ed.
9 (RLIN) 44038
710 1# - ADDED ENTRY--CORPORATE NAME
Corporate name or jurisdiction name as entry element Rhodesia, Southern.
Subordinate unit Commission for the Preservation of Natural and Historical Monuments and Relics.
9 (RLIN) 24548
906 ## - LOCAL DATA ELEMENT F, LDF (RLIN)
a 7
b cbc
c orignew
d 4
e ncip
f 19
g y-gencatlg
942 ## - ADDED ENTRY ELEMENTS (KOHA)
Source of classification or shelving scheme Library of Congress Classification
Koha item type SPC
Holdings
Withdrawn status Lost status Source of classification or shelving scheme Damaged status Not for loan Collection code Home library Current library Shelving location Date acquired Total Checkouts Full call number Barcode Date last seen Price effective from Koha item type
    Library of Congress Classification     SPECIAL Collection ARRUPE LIBRARY ARRUPE LIBRARY REFERENCE 29/01/2019   SPC. DT962.9.Z5 J78 46600003477 29/01/2019 29/01/2019 SPC

 

Arrupe Library. PO Box MP320 Mt Pleasant, Harare, Zimbabwe
263 242 745411|librarian@aju.ac.zw